Finaliści Ligi Mistrzów - nagła śmierć - Statystyki

Ogólne statystyki
  • Ten quiz został rozwiązany 3 126 razy
  • Średni wynik to 9 z 16
Answers on the Grid
Answers color-coded by a green-red scale on the quiz's grid according to % correct below.
Real Madryt
Bayern Monachium
Sevilla
FC Liverpool
Galatasaray
FC Barcelona
AS Roma
Eintracht Frankfurt
Inter Mediolan
Feyenoord Rotterdam
VfL Wolfsburg
Borussia Dortmund
Villarreal
Paris Saint-Germain
AZ Alkmaar
Atlético Madryt
Manchester United
Olympiakos Pireus
Lazio Rzym
Olympique Lyon
Aston Villa
Fiorentina
AC Milan
Bayer Leverkusen
FC Porto
Ajax Amsterdam
Real Betis
Tottenham Hotspur
Leeds United
Valencia
Newcastle United
Olympique Marsylia
 
Statystyki odpowiedzi
Odpowiedź % Poprawnych
Real Madryt
97%
Bayern Monachium
93%
FC Liverpool
86%
FC Barcelona
84%
Inter Mediolan
74%
Borussia Dortmund
62%
Manchester United
58%
Paris Saint-Germain
58%
Atlético Madryt
53%
AC Milan
50%
FC Porto
40%
Ajax Amsterdam
39%
Tottenham Hotspur
35%
Olympique Marsylia
30%
Bayer Leverkusen
21%
Valencia
21%
Nie znaleziono quizów pasujących do podanych kryteriów
Rozkład punktacji
Procent ludzi z każdym wynikiem
Percentyl według liczby udzielonych odpowiedzi
Twoja historia wyników
Nie rozwiązałeś tego quizu